| 000 | 00619cam a2200205 4500 | ||
|---|---|---|---|
| 020 | _a0140201254 | ||
| 082 | 0 | 0 |
_a669 _bALE _cD |
| 100 | 1 |
_aStreet, Arthur Charles. _944862 |
|
| 245 | 1 | 0 |
_aMetals in the service of man _c[by] Arthur Street [and] William Alexander. |
| 250 | _a[5th ed. | ||
| 260 |
_aHarmondsworth, Eng., _aBaltimore] _bPenguin Books _c[1972] |
||
| 300 |
_a346 p. _billus. _c19 cm. |
||
| 490 | 0 | _aPelican books, | |
| 526 |
_a0 _b0 _c0 _d669_000000000000000_ALE |
||
| 650 | 0 |
_aAlloys. _944863 |
|
| 650 | 0 |
_aMCE _9379 |
|
| 650 | 0 | _aMetals. | |
| 700 | 1 |
_aAlexander, William Oliver, _944864 |
|
| 942 |
_2ddc _cBK |
||
| 999 |
_c548519 _d548519 |
||